000 00635nam a22001697a 4500
003 UA-OsUOA
001 9620
007 ta
008 20041117b un ||||| |||| 00| 0 ukr d
942 _cSA
040 _aUA-OsUOA
_cUA-OsUOA
_dUA-OsUOA
245 _aСоціальний захист військовослужбовців, працівників міліції та членів їхніх сімей:
_c[Відповіді на запитання]
300 _aС.20-21
955 _a0
773 0 _w0
_tПраця і зарплата
_dКиїв
_d2004
_g№39
650 7 _aПраво соціального забезпечення
_2UDC
999 _c295781
_d295781